| 000 | 00580nam a22001217a 4500 | ||
|---|---|---|---|
| 008 | 110620t xxu||||| |||| 00| 0 eng d | ||
| 010 | _aCACAF45 | ||
| 245 | _aCourt of Appeal Criminal Appeal No.63 of 2000 Kato Abass vs Uganda | ||
| 260 | _c2000 | ||
| 500 | _aCORAM: HON.G.M. OKELLO, JA. HON.A.E.M. BAHIGINE, JA. HON.A TWINOMUJUNI,JA. | ||
| 500 | _aAppeal from the decision of the high court A.Magezi,J dated 14/8/2000 in criminal Session case No.631 of 1999 | ||
| 999 |
_c3278 _d3278 |
||